Reminiscences of My Pulincunnoo days/ (Record no. 204810)

MARC details
000 -LEADER
fixed length control field 00602nam a22001937a 4500
005 - DATE AND TIME OF LATEST TRANSACTION
control field 20240805123038.0
010 ## - LCCN (DPL NO)
LC control number ENG-141213
020 ## - INTERNATIONAL STANDARD BOOK NUMBER
International Standard Book Number 9788197410901
Terms of availability 240.00
035 ## - SYSTEM CONTROL NUMBER
System control number EN-124745
037 ## - SOURCE OF ACQUISITION
Source of stock number/acquisition DBAD
082 ## - DEWEY DECIMAL CLASSIFICATION NUMBER
Classification number 881.092
100 ## - MAIN ENTRY--PERSONAL NAME
Personal name Thengummoottil, Lizy Joji
245 ## - TITLE STATEMENT
Title Reminiscences of My Pulincunnoo days/
Statement of responsibility, etc by Lizy Joji Thengummoottil
260 ## - PUBLICATION, DISTRIBUTION, ETC. (IMPRINT)
Place of publication, distribution, etc Kerala
Name of publisher, distributor, etc Green Books Pvt. Ltd.
Date of publication, distribution, etc 2024
270 ## - ADDRESS
Address Gb building, civil lane road, ayyanthole, thrissur
City Kerala
Postal code 680003
300 ## - PHYSICAL DESCRIPTION
Extent 160P;
Dimensions 21cm(Pb)
700 ## - ADDED ENTRY--PERSONAL NAME
9 (RLIN) 69414
942 ## - ADDED ENTRY ELEMENTS (KOHA)
Source of classification or shelving scheme Dewey Decimal Classification
Item type English Books
Classification part 881.092
Call number suffix The
Holdings
Withdrawn status Lost status Not for loan Collection code Home library Current library Date acquired Source of acquisition Cost, normal purchase price Full call number Barcode Copy number Cost, replacement price Koha item type
      Non-fiction Patel Nagar Patel Nagar 05/08/2024 DBAD 240.00 881.092 THE EN-124745 1 240.00 English Books

© Delhi Public Library
Hit Counter
free hit counter